000 00449nam a2200157Ia 4500
008 210716s1979 xx 000 0 und d
020 _a0814455212
041 _aeng
082 _a338.973 WEIM
100 _aWeidenbaum, Murray L.
245 _aFuture of business regulation: private action and public demand.
_bPrivate action and public demand.
250 _a1
260 _aNew York
_bAMACOM
_c1979
300 _a183
650 _aMacro Economics
999 _c202265
_d202265